000 00759nam a2200229Ia 4500
008 191130s2004##################000#0#eng##
020 _a9780521830508
022 _a2003055796
040 _aACL
_cACL
082 _a330.951 ZHE
100 _aZheng, Yongnian
245 _aGlobalization and state transformation in China
_cYongnian Zheng
260 _aCambridge
_bCambridge University Press
_c2004
300 _axviii, 267 p. : ill. ; 24 cm
500 _aIncludes bibliographical references and index
650 _aCapitalism - Political aspects - China
650 _aChina - Economic policy - 1976-2000
650 _aGlobalization - Political aspects - China
990 _ae86ea146ac10000c356f251a6936ad15
991 _a248427
999 _c195678
_d195678